|
|
|
|
| LEADER |
02291nam a2200517 a 4500 |
| 001 |
000762832 |
| 003 |
CZ BrMZK |
| 005 |
20051208140222.0 |
| 007 |
ta |
| 008 |
050207s2004 xr erp 000 0 cze d |
| 015 |
|
|
|a cnb001412453
|
| 020 |
|
|
|a 80-7251-163-7
|q (brož.)
|
| 035 |
|
|
|a (OCoLC)85127238
|
| 040 |
|
|
|a BOA001
|b cze
|
| 043 |
|
|
|a e-xr---
|
| 072 |
|
7 |
|a 343
|x Trestní právo
|2 Konspekt
|9 16
|
| 072 |
|
7 |
|a 37.016
|x Učební osnovy. Vyučovací předměty. Učebnice
|2 Konspekt
|9 22
|
| 080 |
|
|
|a 343.3/.7
|2 MRF
|
| 080 |
|
|
|a 343.132
|2 MRF
|
| 080 |
|
|
|a 351.756
|2 MRF
|
| 080 |
|
|
|a 351.746.1
|2 MRF
|
| 080 |
|
|
|a (437.3)
|2 MRF
|
| 080 |
|
|
|a (075.8)
|2 MRF
|
| 100 |
1 |
|
|a Dvořáček, Zdeněk
|7 mzk2005269783
|4 aut
|
| 245 |
1 |
0 |
|a Základy činnosti policejních služeb :
|b služba kriminální policie a vyšetřování : cizinecká a pohraniční policie /
|c Zdeněk Dvořáček
|
| 250 |
|
|
|a Vyd. 1.
|
| 260 |
|
|
|a Praha :
|b Vydavatelství PA ČR,
|c 2004
|
| 300 |
|
|
|a 223 s. ;
|c 29 cm
|
| 500 |
|
|
|a 350 výt.
|
| 504 |
|
|
|a Obsahuje bibliografie
|
| 550 |
|
|
|a Vydavatel: Policejní akademie České republiky. Katedra kriminální, cizinecké a pohraniční policie
|
| 500 |
|
|
|a Dostupné též v digitální podobě v aplikaci Kramerius
|
| 610 |
1 |
7 |
|a Česko.
|b Policie.
|b Služba kriminální policie a vyšetřování
|7 ko2004244905
|2 czenas
|
| 610 |
1 |
7 |
|a Česko.
|b Policie.
|b Služba cizinecké a pohraniční policie
|7 olak2005225643
|2 czenas
|
| 650 |
0 |
7 |
|a kriminalita
|7 ph115012
|2 czenas
|
| 650 |
0 |
7 |
|a policejní vyšetřování
|7 ph158343
|2 czenas
|
| 650 |
0 |
7 |
|a cizinecká policie
|7 ph164196
|z Česko
|2 czenas
|
| 650 |
0 |
7 |
|a pohraniční policie
|7 ph164197
|z Česko
|2 czenas
|
| 655 |
|
7 |
|a učebnice vysokých škol
|7 fd133772
|2 czenas
|
| 710 |
2 |
|
|a Policejní akademie České republiky.
|b Katedra kriminální, cizinecké a pohraniční policie
|7 ko2002159772
|
| 856 |
4 |
1 |
|u http://www.digitalniknihovna.cz/mzk/uuid/uuid:a9d20960-265c-11e6-9fe5-005056827e52
|y Digitalizovaný dokument
|x NDK
|
| 910 |
|
|
|a BOA001
|b 3-1147.178
|
| 990 |
|
|
|a BK
|
| 991 |
|
|
|b 200503
|c NOV
|
| 996 |
6 |
|
|b 2610240896
|c 3-1147.178
|l MZK
|r Sklad / do 1 hodiny
|n 6
|p p.v.
|w 000762832
|u 000010
|a 1
|e BOA001
|j MZK50
|s P
|
| 996 |
7 |
|
|b 2610247438
|c 3-1147.178
|l MZK
|r Sklad / do 1 hodiny
|n 22
|p kup
|w 000762832
|u 000020
|a 1
|e BOA001
|j MZK50
|s A
|